|
|
|
|
| LEADER |
00000nas a2200000 a 4500 |
| 001 |
ssj0006333 |
| 003 |
WaSeSS |
| 005 |
20200512172242.0 |
| 006 |
m d |
| 007 |
cr n |
| 008 |
010306c19729999ne bx pss 0 a0eng c |
| 010 |
|
|
|a 2005238623
|
| 015 |
|
|
|a 17,O11
|2 dnb
|
| 016 |
7 |
|
|a 02149469X
|2 DE-101
|
| 016 |
7 |
|
|a 2040524-8
|2 DE-600
|
| 016 |
7 |
|
|a 015788960
|2 Uk
|
| 022 |
|
|
|a 1654-7209
|l 0044-7447
|y 0044-7447
|
| 024 |
8 |
|
|a pq68214
|
| 035 |
|
|
|a (WaSeSS)ssj0006333
|
| 040 |
|
|
|a BIK
|b eng
|c BIK
|d OCLCQ
|d WCM
|d OCLCQ
|d MUQ
|d IUL
|d OCLCQ
|d EYM
|d HUL
|d GUA
|d OCLCQ
|d GBVCP
|d BUF
|d UKMGB
|d OCLCO
|d OCLCQ
|d OCLCF
|d UKBOL
|d OCLCQ
|d DEBBG
|d GWDNB
|d OCLCO
|d OCLCQ
|d OCLCO
|d OCLCQ
|d U3W
|d OCLCO
|d GILDS
|d NTG
|d OCLCO
|d WYU
|d OCLCO
|d OCLCA
|e pn
|d DLC
|d CUI
|d WaSeSS
|
| 042 |
|
|
|a pcc
|
| 050 |
0 |
0 |
|a QH540
|
| 050 |
1 |
4 |
|a QH540
|b .A52
|
| 130 |
0 |
|
|a Ambio (Online)
|
| 222 |
|
0 |
|a Ambio
|b (Online)
|
| 245 |
1 |
0 |
|a Ambio
|h [electronic resource] :
|b a journal of the human environment.
|
| 260 |
|
|
|a Stockholm :
|b Royal Swedish Academy of Sciences,
|c ©1972-
|
| 260 |
3 |
|
|3 2010- :
|a [Netherlands] :
|b Springer Netherlands
|
| 321 |
|
|
|a Eight issues yearly,
|b <Feb. 1992->
|
| 362 |
0 |
|
|a Vol. 1, no. 1 (Feb. 1972)-
|
| 500 |
|
|
|a Title from cover (JSTOR, viewed Sept. 15, 2008).
|
| 506 |
|
|
|a License restrictions may limit access.
|
| 515 |
|
|
|a Vol. 29, no. 1 issued out of sequence.
|
| 525 |
|
|
|a Has supplements.
|
| 580 |
|
|
|a Absorbed: Ambio special report, with no. 7 (Sept. 1990).
|
| 588 |
|
|
|a Latest issue consulted: Vol. 48, no. 10 (Oct. 2019) (Springer Link, viewed Oct. 18, 2019).
|
| 650 |
|
0 |
|a Human ecology
|v Periodicals.
|
| 650 |
|
0 |
|a Social ecology
|v Periodicals.
|
| 650 |
|
6 |
|a Environnement
|v Périodiques.
|
| 650 |
|
6 |
|a Pollution
|x Aspect de l'environnement
|v Périodiques.
|
| 650 |
|
7 |
|a Human ecology.
|2 fast
|0 (OCoLC)fst00962941
|
| 650 |
|
7 |
|a Social ecology.
|2 fast
|0 (OCoLC)fst01122434
|
| 650 |
|
7 |
|a Umweltschutz
|2 gnd
|
| 650 |
|
7 |
|a Zeitschrift
|2 gnd
|
| 650 |
|
2 |
|a Air Pollution.
|
| 650 |
|
2 |
|a Environment.
|
| 650 |
|
2 |
|a Environmental Health.
|
| 650 |
|
2 |
|a Water Pollution.
|
| 653 |
|
|
|a Applied sciences
|
| 655 |
|
0 |
|a Electronic journals.
|
| 710 |
2 |
|
|a Kungl. Svenska vetenskapsakademien.
|
| 776 |
0 |
8 |
|i Print version:
|t Ambio
|x 0044-7447
|w (DLC) 72623229
|w (OCoLC)1074032
|
| 780 |
0 |
5 |
|t Ambio special report
|w (DLC) 2009235242
|w (OCoLC)320637473
|
| 850 |
|
|
|a DLC
|
| 856 |
4 |
0 |
|z Full text available from Research Library: 02/01/2005 to 1 year ago
|u https://search.proquest.com/publication/46450
|